| 000 | 01721nam a2200349Ia 4500 | ||
|---|---|---|---|
| 001 | ebr10103920 | ||
| 003 | CaPaEBR | ||
| 006 | m u | ||
| 007 | cr cn||||||||| | ||
| 008 | 051027s2005 pau sb 101 0 eng d | ||
| 010 | _z 2005055560 | ||
| 020 | _z9027247862 | ||
| 040 |
_aCaPaEBR _cCaPaEBR |
||
| 035 | _a(OCoLC)614832256 | ||
| 050 | 1 | 4 |
_aPC11 _b.L53 2004eb |
| 082 | 0 | 4 |
_a440 _222 |
| 111 | 2 |
_aLinguistic Symposium on Romance Languages _n(34th : _d2004 : _cUniversity of Utah) |
|
| 245 | 1 | 0 |
_aTheoretical and experimental approaches to Romance linguistics _h[electronic resource] : _bselected papers from the 34th Linguistic Symposium on Romance Languages (LSRL), Salt Lake City, March 2004 / _cedited by Randall S. Gess, Edward Rudin. |
| 260 |
_aPhiladelphia, PA : _bJohn Benjamins, _c2005. |
||
| 300 | _aviii, 367 p. | ||
| 490 | 1 |
_aAmsterdam studies in the theory and history of linguistic science. Series IV, Current issues in linguistic theory, _x0304-0763 ; _vv. 272 |
|
| 504 | _aIncludes bibliographical references and index. | ||
| 533 |
_aElectronic reproduction. _bPalo Alto, Calif. : _cebrary, _d2011. _nAvailable via World Wide Web. _nAccess may be limited to ebrary affiliated libraries. |
||
| 650 | 0 |
_aRomance languages _vCongresses. |
|
| 650 | 0 | _aRomance languages. | |
| 655 | 7 |
_aElectronic books. _2local |
|
| 700 | 1 |
_aGess, Randall Scott, _d1963- |
|
| 700 | 1 | _aRubin, Edward J. | |
| 710 | 2 | _aebrary, Inc. | |
| 830 | 0 |
_aAmsterdam studies in the theory and history of linguistic science. _nSeries IV, _pCurrent issues in linguistic theory ; _vv. 272. |
|
| 856 | 4 | 0 |
_uhttp://site.ebrary.com/lib/rucke/Doc?id=10103920 _zAn electronic book accessible through the World Wide Web; click to view |
| 999 |
_c206527 _d206527 |
||